000 01020cam a2200289 i 4500
001 bg
003 BPK
005 20190725095300.0
008 001113s2000 pl a f f |001 0 pol
015 _aPB 2000/20899
020 _a8301132078
040 _aWA N
_cBPK
041 0 _apol
080 _a628.1
080 _a(075.8)
245 0 0 _aUzdatnianie wody :
_bprocesy chemiczne i biologiczne : praca zbiorowa /
_cpod red. Jacka Nawrockiego i Sławomira Biłozora ; Sławomir Biłozor [et al.].
260 _aWarszawa ;
_aPoznań :
_bWydaw. Naukowe PWN,
_c2000.
300 _a521 s. :
_bil. ;
_c24 cm.
504 _aBibliogr. przy rozdz. - Indeks.
650 4 _aUzdatnianie wody
655 4 _aPodręczniki akademickie
700 1 _aNawrocki, Jacek
_d(1948- ).
_eRed.
700 1 _aBiłozor, Sławomir.
_eRed.
710 2 _aWydawnictwo Naukowe PWN
_4pbl.
856 _uhttp://koha.tu.koszalin.pl/cgi-bin/koha/opac-detail.pl?biblionumber=38304
_yKatalog online BPK
942 _2UKD
_cKS
999 _c38304
_d38304